Statistics for Formula 1 drivers by flag

Click here to take the quiz!

General Stats

  • This quiz has been taken 115 times
  • The average score is 14 of 14

Answer Stats

Answer% Correct
Hamilton/norris/russel
100%
Vettel/schumacher/hulkenberg
100%
Alonso/sainz
99%
Gasly/ocon
99%
Stroll/latifi
99%
Perez
98%
Tsunoda
98%
Verstappen
98%
Leclerc
97%
Bottas
96%
Zhou
96%
Magnussen
95%
Ricciardo
95%
Albon
94%

Score Distribution

Percentile by Number Answered

Percent of People with Each Score

Your Score History

You have not taken this quiz